| 000 | 00495nam a2200193Ia 4500 | ||
|---|---|---|---|
| 003 | GCL | ||
| 008 | 140319s9999 xx 000 0 eng d | ||
| 040 |
_aGCL / _cGCL |
||
| 082 | 0 | 4 |
_a709.96 _bW A |
| 100 | 1 | _aWILLETT, FRANK | |
| 245 | 1 | 0 |
_aAFRICAN ART: AN INTRODUCTION / _cWILLETT, FRANK |
| 260 |
_a[S.N] : _bTHAMES AND HUDSON ، _c1993 |
||
| 300 | _a288 | ||
| 650 | 0 | 4 | _aARTS |
| 650 | 0 | 4 | _aHISTORY AND CRITICISM |
| 650 | 0 | 4 | _aAFRICA |
| 650 | 0 | 4 | _aPAINTING - ILLUSTRATION |
| 942 |
_2ddc _cBK |
||
| 999 |
_c17656 _d17656 |
||